Datum a čas kvízu
36.5
Celkem bodů
Celkový počet nahraných bodů na tomto kvízu bez doplňovacích otázek.
2.
Pořadí na kvízu
Konečné umístění týmu na tomto kvízu.
Zaznamenané odpovědi
| # | Otázka | Odpověď | Body | Výsledky |
|---|---|---|---|---|
| 1. | Prorektor Univerzity Karlovy ú... | Aleš Gerloch | 1 | |
| 2. | Máte doma v lednici Power Natu... | viagru, erekci | 1 | |
| 3. | V pražském Rudolfinu byly v so... | Všechno bude | 1 | |
| 4. | Novou odrůdu meruněk jménem So... | šarka | 1 | |
| 5. | Jak se jmenuje muž, který byl... | Tomáš Vaclík | 0 | |
| 6. | Dnešní cestovatelské téma se b... | Córdoba | 1 | |
| 7. | Jak se jmenuje velmi známý špa... | Luis Buñuel | 1 | |
| 8. | Když si vzpomenete na jednu zn... | Malagelo | 1 | |
| 9. | Jak se jmenuje antický hrdina,... | Héraklés (též Herkules) | 0 | |
| 10. | Na obrázku vidíte radnici v př... | Juan Carlos I. | 0 |